[Event "GER-chT Betriebe 16th"]
[Site "Dresden"]
[Date "2016.11.05"]
[Round "4.3"]
[White "Hueners, Rolf"]
[Black "Molzan, Andreas"]
[Result "1-0"]
[WhiteElo "1400"]
[BlackElo "1255"]
[PlyCount "73"]
[EventDate "2016.11.03"]
[EventType "team-swiss"]
[EventRounds "7"]
[EventCountry "GER"]
[SourceTitle "EXT 2020"]
[Source "ChessBase"]
[SourceDate "2019.10.17"]
[SourceVersion "1"]
[SourceVersionDate "2019.10.17"]
[SourceQuality "1"]
[WhiteTeam "Bremen Airbus"]
[BlackTeam "Stuttgart Stern"]
[WhiteTeamCountry "GER"]
[BlackTeamCountry "GER"]

1. e4 e5 2. Nf3 Nc6 3. Bc4 Nf6 4. d3 Bc5 5. h3 d6 6. 0-0 Be6 7. Bxe6 fxe6 8. a3 Qd7 9. b4 Bb6 10. Qe2 Nd4 11. Nxd4 Bxd4 12. c3 Bb6 13. Nd2 a6 14. Nf3 h6 15. Be3 Qc6 16. Bxb6 Qxb6 17. Rfe1 0-0 18. d4 exd4 19. Nxd4 e5 20. Ne6 Rfe8 21. Qc4 Kh8 22. Qxc7 Qxc7 23. Nxc7 Rac8 24. Nxe8 Nxe8 25. Rac1 Nf6 26. c4 Kg8 27. f3 Kf7 28. Kf2 Nh5 29. Red1 Ke6 30. c5 dxc5 31. Rxc5 Rxc5 32. bxc5 Nf6 33. Rd6+ Ke7 34. Rb6 Nd7 35. Rxb7 Ke6 36. c6 Nc5 37. Rxg7 1-0